Most Powerful Celebrities of 2011 Quiz Stats

 Plays Quiz Updated Jun 27, 2018

Score 0/100 Timer 12:00
0 Plays Today
Rank Celebrity % Correct
2ndOprah Winfrey
81.8%
45thBrad Pitt
73.8%
6thTiger Woods
68.1%
11thAngelina Jolie
68.1%
29thBeyoncé Knowles
50.8%
10thLeBron James
50%
14thKobe Bryant
48.2%
38thJay-Z
47.9%
49thAlex Rodriguez
43.8%
65thWill Smith
40.9%
21stJennifer Aniston
39.5%
35thDavid Beckham
38.4%
17thDonald Trump
36.5%
56thJay Leno
34.8%
83rdHeidi Klum
33.3%
33rdDavid Letterman
30.7%
76thKanye West
29.1%
18thDr. Phil McGraw
28.7%
84thSerena Williams
27.5%
9thSimon Cowell
27.3%
25thRoger Federer
25.8%
52ndSean 'Diddy' Combs
25%
31stEllen DeGeneres
24.5%
79thStephen King
23.9%
15thLeonardo DiCaprio
23.8%
13thJohnny Depp
23.6%
22ndSteven Spielberg
23.5%
50thJennifer Lopez
22.1%
36thPhil Mickelson
17.5%
24thRyan Seacrest
16.8%
81stCameron Diaz
16.7%
94thKate Moss
15.7%
92ndTina Fey
14.4%
23rdRush Limbaugh
14.1%
Rank Celebrity % Correct
64thReese Witherspoon
13.9%
82ndEva Longoria Parker
13.9%
68thBen Stiller
13.8%
73rdSarah Jessica Parker
13.4%
40thJerry Seinfeld
12.1%
19thTyler Perry
10.9%
26thHoward Stern
9.9%
87thSteve Carell
9.2%
1stLady Gaga
8.8%
28thCharlie Sheen
8.6%
80thMaria Sharapova
8.4%
8thBon Jovi
8.4%
37thJames Patterson
7.7%
5thElton John
6.9%
89thKatherine Heigl
6.6%
7thTaylor Swift
6.5%
3rdJustin Bieber
6.3%
12thKaty Perry
5.8%
71stEminem
5.3%
39thJerry Bruckheimer
5.2%
55thTom Brady
5.2%
58thTom Hanks
4.8%
72ndPeyton Manning
4.6%
69thJulia Roberts
4.2%
20thPaul McCartney
4.1%
30thGlenn Beck
4%
86thVenus Williams
4%
63rdKristen Stewart
4%
4thU2
3.8%
70thDerek Jeter
3.7%
85thLil Wayne
3.3%
53rdRobert Pattinson
3%
41stAdam Sandler
3%
32ndUsher
2.9%
Rank Celebrity % Correct
44thSandra Bullock
2.7%
46thRafael Nadal
2.7%
57thDwyane Wade
2.7%
43rdChristiano Ronaldo
2.5%
27thJames Cameron
2.5%
62ndLionel Messi
2.2%
90thStephanie Meyer
2%
59thDwight Howard
1.9%
66thRobert Downey Jr.
1.8%
61stTim McGraw
1.7%
93rdCourtney Cox
1.7%
60thGisele Bundchen
1.7%
75thNatalie Portman
1.7%
16thBlack Eyed Peas
1.5%
74thMark Wahlberg
1.4%
51stToby Keith
1.3%
48thBrad Paisley
1.1%
96thDanica Patrick
1.1%
47thChristopher Nolan
1%
97thHugh Laurie
0.8%
78thDanielle Steel
0.8%
34thMuse
0.8%
99thTeri Hatcher
0.8%
95thRay Romano
0.7%
91st Larry The Cable Guy
0.6%
98thMark Harmon
0.7%
42ndBethenny Frankel
0.6%
54thDick Wolf
0.6%
100thMariska Hargitay
0.6%
77thChuck Lorre
0.6%
67thMark Burnett
0.6%
88thJeff Dunham
0.5%

You're not logged in!

Compare scores with friends on all Sporcle quizzes.
OR
Log In

Sporcle TV

Today on Sporcle TV


Watch our educational content, quiz creation guides, and fun videos on Sporcle TV.

Show Comments

Extras

Top Quizzes Today


Score Distribution

Your Account Isn't Verified!

In order to create a playlist on Sporcle, you need to verify the email address you used during registration. Go to your Sporcle Settings to finish the process.

Report this User

Report this user for behavior that violates our Community Guidelines.

Details: